000 nam a22 7a 4500
999 _c7320
_d7320
008 170811b xxu||||| |||| 00| 0 eng d
100 _93859
_aTaylor Boswell
245 _aChildren Illustrated Encyclopedia
260 _aLondon
_bGallery Press
_c1978